01107caa a22001692a 4500001000900000003001100009008004300020100002200063245010500085300002100190500012900211773011900340773011900459773011900578773012000697773012000817 007343 AR-FADEU 311216n########xxu####################dd aBergalli, Roberto aIndependencia, autogobierno y asociacionismo de los jueces : por una práctica judicial alternativa aT. 1, pp. 69-101 aEn: Proceso, crisis y transición democrática /comp. Oscar Oszlak. Buenos Aires : Centro Editor de América Latina, 19840 013152abdBuenos Aireso2175tPROCESO, crisis y transición democráticaw( AR-FADEU) 007338xz950-25-0044-X0 013152abdBuenos Aireso2186tPROCESO, crisis y transición democráticaw( AR-FADEU) 007338xz950-25-0044-X0 013152abdBuenos Aireso4230tPROCESO, crisis y transición democráticaw( AR-FADEU) 007338xz950-25-0044-X0 026719abdBuenos Aireso18296tPROCESO, crisis y transición democráticaw( AR-FADEU) 021001xz950-25-0044-X0 026719abdBuenos Aireso18297tPROCESO, crisis y transición democráticaw( AR-FADEU) 021001xz950-25-0044-X